<?xml version="1.0" encoding="UTF-8"?>
<record
    xmlns:xsi="http://www.w3.org/2001/XMLSchema-instance"
    xsi:schemaLocation="http://www.loc.gov/MARC21/slim http://www.loc.gov/standards/marcxml/schema/MARC21slim.xsd"
    xmlns="http://www.loc.gov/MARC21/slim">

  <leader>01424nam a22002417i 4500</leader>
  <controlfield tag="003">DO-SdBNP</controlfield>
  <controlfield tag="005">20230615104449.0</controlfield>
  <controlfield tag="007">ta</controlfield>
  <controlfield tag="008">230601b2003    sp ||||| |||| 00| 0 spa d</controlfield>
  <datafield tag="040" ind1=" " ind2=" ">
    <subfield code="a">DO-SdBNP</subfield>
    <subfield code="b">spa</subfield>
    <subfield code="c">BNPHU</subfield>
    <subfield code="e">rda</subfield>
  </datafield>
  <datafield tag="082" ind1=" " ind2="4">
    <subfield code="a">303.38</subfield>
    <subfield code="b">V483p</subfield>
    <subfield code="2">22</subfield>
  </datafield>
  <datafield tag="245" ind1="1" ind2="3">
    <subfield code="a">Pol&#xED;ticas P&#xFA;blicas de Est&#xED;mulo al Control Social de a Gesti&#xF3;n P&#xFA;blica :</subfield>
    <subfield code="b">dimensiones conceptuales /</subfield>
    <subfield code="c">Luis Verdesoto</subfield>
  </datafield>
  <datafield tag="264" ind1=" " ind2="4">
    <subfield code="a">Santo Domingo :</subfield>
    <subfield code="b">INTEC,</subfield>
    <subfield code="c">2003.</subfield>
  </datafield>
  <datafield tag="300" ind1=" " ind2=" ">
    <subfield code="a">111 p&#xE1;ginas ;</subfield>
    <subfield code="c">29 cm.</subfield>
  </datafield>
  <datafield tag="336" ind1=" " ind2=" ">
    <subfield code="2">rdacontent</subfield>
    <subfield code="a">texto</subfield>
    <subfield code="b">txt</subfield>
  </datafield>
  <datafield tag="337" ind1=" " ind2=" ">
    <subfield code="2">rdamedia</subfield>
    <subfield code="a">sin mediaci&#xF3;n</subfield>
    <subfield code="b">n</subfield>
  </datafield>
  <datafield tag="338" ind1=" " ind2=" ">
    <subfield code="2">rdacarrier</subfield>
    <subfield code="a">volumen</subfield>
    <subfield code="b">nc</subfield>
  </datafield>
  <datafield tag="490" ind1=" " ind2=" ">
    <subfield code="a">sociedad civil ; Serie capacitaci&#xF3;n ;</subfield>
    <subfield code="x">1</subfield>
  </datafield>
  <datafield tag="505" ind1=" " ind2=" ">
    <subfield code="a">Elementos a tener en cuenta en la capacitaci&#xF3;n de adultas/os vii -- Presentaci&#xF3;n ix -- Nota preliminar xiii -- Los m&#xF3;dulos pedag&#xF3;gicos xix -- Introducci&#xF3;n 1 -- antecedentes: estructuraci&#xF3;n de la propuesta pedag&#xF3;gica sobre el tema del control social de la gesti&#xF3;n p&#xFA;blica 5 -- La problem&#xE1;tica: participaci&#xF3;n y responsabilidad 14 -- Reconformaci&#xF3;n y refuncionalizaci&#xF3;n del estado: diagn&#xF3;stico de partida y propuestas de cambio 28 -- La reconformaci&#xF3;n de lo p&#xFA;blico 40 -- Algunos temas pertinentes a Rep&#xFA;blica Dominicana 48 -- La contralor&#xED;a social 66 -- Las condiciones del control social 76 -- Anexos 96 -- Taller de capacitaci&#xF3;n 96 -- Bibliograf&#xED;a 110</subfield>
  </datafield>
  <datafield tag="590" ind1=" " ind2=" ">
    <subfield code="a">Inventariado, 2023/DG</subfield>
  </datafield>
  <datafield tag="910" ind1=" " ind2=" ">
    <subfield code="a">DG</subfield>
  </datafield>
  <datafield tag="942" ind1=" " ind2=" ">
    <subfield code="2">ddc</subfield>
    <subfield code="c">LBS1</subfield>
  </datafield>
  <datafield tag="952" ind1=" " ind2=" ">
    <subfield code="0">0</subfield>
    <subfield code="1">0</subfield>
    <subfield code="2">ddc</subfield>
    <subfield code="5">1</subfield>
    <subfield code="7">0</subfield>
    <subfield code="8">PD</subfield>
    <subfield code="a">BNPHU</subfield>
    <subfield code="b">BNPHU</subfield>
    <subfield code="c">CT</subfield>
    <subfield code="d">2023-06-15</subfield>
    <subfield code="e">donado</subfield>
    <subfield code="o">BNPHU PD 303.38 V483p</subfield>
    <subfield code="p">2023-2486</subfield>
    <subfield code="r">2023-06-15</subfield>
    <subfield code="w">2023-06-15</subfield>
    <subfield code="y">LBS1</subfield>
  </datafield>
  <datafield tag="952" ind1=" " ind2=" ">
    <subfield code="0">0</subfield>
    <subfield code="1">0</subfield>
    <subfield code="2">ddc</subfield>
    <subfield code="5">1</subfield>
    <subfield code="7">0</subfield>
    <subfield code="8">PD</subfield>
    <subfield code="a">BNPHU</subfield>
    <subfield code="b">BNPHU</subfield>
    <subfield code="c">CT</subfield>
    <subfield code="d">2023-06-15</subfield>
    <subfield code="e">donado</subfield>
    <subfield code="o">BNPHU PD 303.38 V483p</subfield>
    <subfield code="p">2023-2487</subfield>
    <subfield code="r">2023-06-15</subfield>
    <subfield code="t">e.2</subfield>
    <subfield code="w">2023-06-15</subfield>
    <subfield code="y">LBS1</subfield>
  </datafield>
  <datafield tag="952" ind1=" " ind2=" ">
    <subfield code="0">0</subfield>
    <subfield code="1">0</subfield>
    <subfield code="2">ddc</subfield>
    <subfield code="5">6</subfield>
    <subfield code="7">0</subfield>
    <subfield code="8">DS</subfield>
    <subfield code="a">BNPHU</subfield>
    <subfield code="b">BNPHU</subfield>
    <subfield code="c">CT</subfield>
    <subfield code="d">2023-06-15</subfield>
    <subfield code="e">donado</subfield>
    <subfield code="o">BNPHU DS V483p</subfield>
    <subfield code="p">2023-2488</subfield>
    <subfield code="r">2023-06-15</subfield>
    <subfield code="t">e.3</subfield>
    <subfield code="w">2023-06-15</subfield>
    <subfield code="y">LBS1</subfield>
  </datafield>
  <datafield tag="952" ind1=" " ind2=" ">
    <subfield code="0">0</subfield>
    <subfield code="1">0</subfield>
    <subfield code="2">ddc</subfield>
    <subfield code="5">6</subfield>
    <subfield code="7">0</subfield>
    <subfield code="8">DS</subfield>
    <subfield code="a">BNPHU</subfield>
    <subfield code="b">BNPHU</subfield>
    <subfield code="c">CT</subfield>
    <subfield code="d">2023-06-15</subfield>
    <subfield code="e">donado</subfield>
    <subfield code="l">0</subfield>
    <subfield code="o">BNPHU DS V483p</subfield>
    <subfield code="p">2023-2489</subfield>
    <subfield code="r">2023-06-15</subfield>
    <subfield code="t">e.4</subfield>
    <subfield code="w">2023-06-15</subfield>
    <subfield code="y">LBS1</subfield>
  </datafield>
  <datafield tag="952" ind1=" " ind2=" ">
    <subfield code="0">0</subfield>
    <subfield code="1">0</subfield>
    <subfield code="2">ddc</subfield>
    <subfield code="5">6</subfield>
    <subfield code="7">0</subfield>
    <subfield code="8">DS</subfield>
    <subfield code="a">BNPHU</subfield>
    <subfield code="b">BNPHU</subfield>
    <subfield code="c">CT</subfield>
    <subfield code="d">2023-06-15</subfield>
    <subfield code="e">donado</subfield>
    <subfield code="l">0</subfield>
    <subfield code="o">BNPHU DS V483p</subfield>
    <subfield code="p">2023-2493</subfield>
    <subfield code="r">2023-06-15</subfield>
    <subfield code="t">e.5</subfield>
    <subfield code="w">2023-06-15</subfield>
    <subfield code="y">LBS1</subfield>
  </datafield>
  <datafield tag="999" ind1=" " ind2=" ">
    <subfield code="c">53834</subfield>
    <subfield code="d">53834</subfield>
  </datafield>
</record>
